000 01568nam a22004217a 4500
001 000095246
003 CHAP
005 20220329143101.0
008 030217d2005 mx r 00110 spa d
010 _a91712
011 _a92684
035 _a103249
040 _cCHAP
090 _aTesis
100 1 _aVázquez Velasco, Josué.
_9120544
245 1 0 _aEvaluación familial y selección clonal de Solanum andigena L. por resistencia en campo al tizón tardío (Phytophthora infestans Mont. De Bary) /
_c/por Josué Vázquez Velasco.
260 _aChapingo, Méx. :
_bEl autor,
_c2005.
300 _a60 h.
502 _aTesis (Ing. Agr. Esp. en Fitotecnia) - - UACH. Departamento de Fitotecnia
590 _aALEPH
_b10
_c20130110
_lUCH01
_h1509
590 _aBATCH-UPD
_b10
_c20130110
_lUCH01
_h1619
590 _aBATCH-UPD
_b10
_c20130410
_lUCH01
_h1013
590 _aBATCH-UPD
_b10
_c20130914
_lUCH01
_h1859
590 _aBATCH-UPD
_b10
_c20140324
_lUCH01
_h1453
590 _aBATCH-UPD
_b10
_c20141002
_lUCH01
_h0828
590 _aCONVERSION
_b10
_c20130109
_lUCH01
_h1351
590 _aE12093SGE
_b10
_c20130610
_lUCH01
_h1227
650 1 4 _aPapa
_xEnfermedades por hongos.
_985229
650 1 4 _aPhytophthora infestans.
_987925
650 1 4 _aTizón tardío de la papa.
_9113451
856 _3Finding aid
_uhttp://10.13.5.2/tesis/103249.pdf
_zTeclea aquí
901 _aBK
905 _aLilia
942 _cCD
942 _n0
949 _aTesis
_bBC
_cTES
_d00000001032491
_eTS1
_h44657
_i103249
_sb
949 _aTesis
_bBC
_cTES
_d33724000983763
_eTS2
_fc.2
_h44658
_i103249
_sb
999 _c91712
_d91712